Score 0/14 Timer 01:00
0 Plays Today
% Correct
Cowboys
90.1%
Celtics
88.7%
Cubs
88.2%
Chiefs
86.2%
Cavaliers
86.1%
Cardinals
84.9%
Colts
84.4%
% Correct
Canadiens
84.1%
Capitals
83.5%
Clippers
83%
Canucks
82.8%
Cardinals
81.8%
Chargers
74.8%
Coyotes
65%

Today's Daily Dose

Remove Ads.
Support Sporcle.
Get the best of Sporcle when you Go Orange. This ad-free experience offers more features, more stats, and more fun while also helping to support Sporcle. Thank you for becoming a member.

You're not logged in!

Compare scores with friends on all Sporcle quizzes.
OR
Log In

Show Comments

Extras

Top Quizzes Today


Score Distribution

Your Account Isn't Verified!

In order to create a playlist on Sporcle, you need to verify the email address you used during registration. Go to your Sporcle Settings to finish the process.

Report this User

Report this user for behavior that violates our Community Guidelines.

Details: